| 000 | 02008nam0a2200337 4500 | ||
|---|---|---|---|
| 001 | RU\NLR\bibl\1510241 | ||
| 005 | 20260510063838.0 | ||
| 010 |
_a978-5-9675-0346-7 _9350 |
||
| 021 |
_aRU _b2010-24666 _91656 |
||
| 035 | _a(NLR Aleph) 001501640 | ||
| 090 |
_a1796773 _c1796773 |
||
| 100 | _a20100512d2009 |||y0rusy50 ca | ||
| 101 | 0 | _arus | |
| 102 | _aRU | ||
| 105 | _aa ||||||||| | ||
| 200 | 1 |
_aЛабораторный практикум по физической и коллоидной химии _eучебное пособие для студентов высших учебных заведений, обучающихся по направлениям "Агрохимия и агропочвоведение", "Агрономия", "Садоводство" _fМ-во сел. хоз-ва Рос. Федерации, Рос. гос. агр. ун-т - МСХА им. К.А. Тимирязева _g[Белопухов Сергей Леонидович и др.] |
|
| 210 |
_aМосква _cИзд-во РГАУ-МСХА _d2009 |
||
| 215 |
_a270 с. _cил. _d20 |
||
| 320 | _aБиблиогр.: с. 269 (10 назв.) | ||
| 606 | 1 |
_aФизическая химия _jУчебные издания для высших учебных заведений _xЛабораторная практика _92281778 _3RU\NLR\auth\661367032 |
|
| 606 | 1 |
_aКоллоидная химия _jУчебные издания для высших учебных заведений _xЛабораторная практика _92399513 _3RU\NLR\auth\661430418 |
|
| 686 | _aГ5я73-5 | ||
| 686 | _aГ6я73-5 | ||
| 702 | 1 |
_aБелопухов _bС. Л. _gСергей Леонидович _4220 |
|
| 712 | 0 | 2 |
_4570 _aРоссийский государственный аграрный университет - МСХА им. К. А. Тимирязева _3RU\NLR\AUTH\8810075940 _9653984 |
| 801 | 0 |
_aRU _bNLR _c20100512 _gRCR |
|
| 801 | 1 |
_aRU _bNLR _c20100512 |
|
| 942 | _cBOOK | ||
| 980 | _aNB | ||